Statistics for NFL Teams Best Player By Madden 18 Ulitmate Team Rating

Click here to take the quiz!

General Stats

  • This quiz has been taken 162 times
  • The average score is 14 of 32

Answer Stats

HintAnswer% Correct
New England PatriotsTom Brady/Rob Gronkowski
98%
Pittsburgh SteelersLe'veon Bell/Antonio Brown
72%
Dallas CowboysEzekiel Elliott/Zach Martin/Sean Lee/Travis Frederick/Tyron Smith
68%
Atlanta FalconsJulio Jones
60%
Green Bay PackersAaron Rodgers
59%
Cincinnati BengalsA.J. Green
58%
New York GiantsLandon Collins/Odell Beckham Jr./Dominique Rodgers-Cromartie
58%
Indianapolis ColtsAndrew Luck/T.Y. Hilton
56%
Oakland RaidersKhalil Mack
55%
Houston TexansJ.J. Watt
54%
Seattle SeahawksEarl Thomas III
53%
Cleveland BrownsJoe Thomas
53%
Kansas City ChiefsJustin Houston/Travis Kelce
52%
Minnesota VikingsHarrison Smith
51%
Denver BroncosVon Miller/Chris Harris Jr.
51%
Arizona CardinalsDavid Johnson
44%
Los Angeles RamsAaron Donald
42%
Buffalo BillsLesean Mccoy
41%
Tampa Bay BuccaneersMike Evans
38%
New York JetsLeonard Williams
35%
Washington RedskinsTrent Williams
35%
Carolina PanthersLuke Kuechly
33%
Miami DolphinsNdamukong Suh
32%
Los Angeles ChargersMelvin Ingram
30%
Philadelphia EaglesBrandon Brooks/Brandon Graham
29%
New Orleans SaintsCameron Jordan
25%
Jacksonville JaguarsA.J. Bouye
22%
Baltimore RavensMarshal Yanda
21%
Detroit LionsT.J. Lang/Darius Slay Jr.
18%
Tennessee TitansDemarco Murray/Jack Conklin
17%
Chicago BearsJerrell Freeman
4%
San Francisco 49ersKyle Juszczyk
2%

Score Distribution

Percentile by Number Answered

Percent of People with Each Score

Your Score History

You have not taken this quiz